The Golden fleece : (Record no. 195322)
[ view plain ]
| 000 -LEADER | |
|---|---|
| fixed length control field | 00950cam a2200241 4500 |
| 001 - CONTROL NUMBER | |
| control field | 2672812 |
| 003 - CONTROL NUMBER IDENTIFIER | |
| control field | BD-DhUL |
| 005 - DATE AND TIME OF LATEST TRANSACTION | |
| control field | 20170511164441.0 |
| 008 - FIXED-LENGTH DATA ELEMENTS--GENERAL INFORMATION | |
| fixed length control field | 730727s1971 ru a j 000 1 eng |
| 010 ## - LIBRARY OF CONGRESS CONTROL NUMBER | |
| LC control number | 73162997 |
| 015 ## - NATIONAL BIBLIOGRAPHY NUMBER | |
| National bibliography number | USSR71-48736 |
| 040 ## - CATALOGING SOURCE | |
| Original cataloging agency | DLC |
| Transcribing agency | DLC |
| Modifying agency | DLC |
| -- | BD-DhUL |
| 041 1# - LANGUAGE CODE | |
| Language code of text/sound track or separate title | engrus |
| 050 00 - LIBRARY OF CONGRESS CALL NUMBER | |
| Classification number | PZ8.1 |
| Item number | .G6 |
| 082 ## - DEWEY DECIMAL CLASSIFICATION NUMBER | |
| Classification number | 891.713 |
| Item number | GOL |
| 245 04 - TITLE STATEMENT | |
| Title | The Golden fleece : |
| Remainder of title | tales from the Caucasus / |
| Statement of responsibility, etc. | Translated by Avril Pyman. |
| 260 ## - PUBLICATION, DISTRIBUTION, ETC. (IMPRINT) | |
| Place of publication, distribution, etc. | Moscow : |
| Name of publisher, distributor, etc. | Progress, |
| Date of publication, distribution, etc. | 1971. |
| 300 ## - PHYSICAL DESCRIPTION | |
| Extent | 263 p. ; |
| Dimensions | 20 cm. |
| 505 0# - FORMATTED CONTENTS NOTE | |
| Formatted contents note | The daughter of the sun.--The tale of the red cow.--The flower of Ezhvan.--Okhik.--Doctor Lokhman.--The tale of the orphan.--Azaran Bulbul.--The tale of the dev who tried to kill the miller's son.--Quarter-master fox and the tsar's son.--Anait.--Ibrahim.--Amiran.--The merchant's daughter and the seven brothers. |
| 650 #0 - SUBJECT ADDED ENTRY--TOPICAL TERM | |
| Topical term or geographic name as entry element | Tales |
| Geographic subdivision | Caucasus, South. |
| 700 1# - ADDED ENTRY--PERSONAL NAME | |
| Personal name | Pyman, Avril, |
| Relator term | tr. |
| 942 ## - ADDED ENTRY ELEMENTS (KOHA) | |
| Source of classification or shelving scheme | |
| Koha item type | Books |
| Price effective from | Date last seen | Permanent Location | Not for loan | Date acquired | Source of classification or shelving scheme | Koha item type | Lost status | Withdrawn status | Source of acquisition | Collection code | Damaged status | Shelving location | Barcode | Current Location | Full call number |
|---|---|---|---|---|---|---|---|---|---|---|---|---|---|---|---|
| 2017-05-11 | 2017-05-11 | Dhaka University Library | Not For Loan | 2017-05-11 | Books | Gift | Non Fiction | Dr. Aftab Ahmed Collection | 426162 | Dhaka University Library | 891.713 GOL |
